E-learning na Fakulte hospodárskej informatiky

Skúsenosť autorky článku s e-learningom a blended learningom na Fakulte hospodárskej informatiky Ekonomickej univerzity v Bratislave. Elektronické vyučovanie v programových systémoch Moodle, Eden a Caroline. Pohľad učiteľa na e-learning. Pohľad študenta na e-learning. Možnosti a výhody e-learningu....

Descrizione completa

Salvato in:
Dettagli Bibliografici
Autore principale: Trochanová, Hana
Natura: Capitolo di libro
Lingua:slovacco
Soggetti:
Tags: Aggiungi Tag
Nessun Tag, puoi essere il primo ad aggiungerne!!

MARC

LEADER 00000nla$a2200000$$$4500
001 0047383
005 20240502071540.0
041 0 |a slo 
044 |a SK 
245 1 0 |a E-learning na Fakulte hospodárskej informatiky  |c Hana Trochanová 
520 |a Skúsenosť autorky článku s e-learningom a blended learningom na Fakulte hospodárskej informatiky Ekonomickej univerzity v Bratislave. Elektronické vyučovanie v programových systémoch Moodle, Eden a Caroline. Pohľad učiteľa na e-learning. Pohľad študenta na e-learning. Možnosti a výhody e-learningu. Odkaz na webové stránky. 
610 2 0 |a vzdelávanie 
610 2 0 |a vzdelávanie elektronické 
610 2 0 |a školy vysoké 
610 2 0 |a univerzity 
610 2 0 |a semináre 
610 2 0 |a kurzy 
610 2 0 |a učitelia 
610 2 0 |a študenti 
610 2 0 |a technológie informačné 
100 1 |a Trochanová, Hana